000 00868nam a2200217 a 4500
001 000025705
005 20240409073640.0
008 110221t1961 dr 001 0dspa d
040 _aDO-SdBNP
_bspa
_cBNPHU
082 _a282.7293
_bC352t
100 1 _aCastillo de Aza, Zenón
_952470
245 1 0 _aTrujillo y otros benefactores de la iglesia /
_cZenón Castillo de Aza.
260 _aCiudad Trujillo, República Dominicana :
_bHandicap,
_c1961.
300 _a340 p. ;
_c23 cm.
500 _aIncluye referencias bibliográficas y notas al pie de páginas.
590 _aInventariado, 2019/MFF
600 1 0 _aTrujillo Molina, Rafael Leónidas,
_d 1891-1961
_976764
650 4 _aIglesia católica
_zRepública Dominicana
_xHistoria
_ySIGLO XX
_912043
650 4 _aIglesia y estado en república dominicana
_xSiglo xx
_912044
910 _aValidado. Control de calidad EMS.
999 _c25197
_d25197